000 01511pam a22003734a 4500
005 20260322212003.0
008 data
010 _a 2008000920
020 _a9780781786898
020 _a0781786894
040 _aDNLM
_cDNLM
041 0 9 _aeng
042 _apcc
044 _9United States
060 1 0 _aWY 100
_bL765 2009
245 1 0 _aLippincott's nursing procedures.
_cLippincott Williams & Wilkins.
246 3 0 _aNursing procedures
250 _a5th ed.
260 _aPhiladelphia :
_bWolters Kluwer/Lippincott Williams & Wilkins,
_cc2009.
300 _aix, 949 p. :
_bill.
500 _aRev. ed. of: Nursing procedures. 4th ed. c2004.
504 _aIncludes bibliographical references and index.
505 0 _aFundamental procedures -- Infection control -- Specimen collection and testing -- Physical treatments -- Drug administration -- Intravascular therapy -- Cardiovascular care -- Respiratory care -- Neurologic care -- Gastrointestinal care -- Renal and urologic care -- Orthopedic care -- Skin care -- Eye, ear, and nose care -- Psychiatric care -- Maternal-neonatal care -- Pediatric care.
650 1 2 _aNursing Care
720 2 _aLippincott Williams & Wilkins.
730 0 _aNursing procedures.
963 _aKaren J. Kirk; phone: 215-367-2170; email: [email protected]; bc: [email protected]
986 _aa061108
992 _pP1
_eE4
_a20080611
993 _aBLJ
_b20080615
994 _aCDN
_b20080615
996 _arev. CIP
_b20080616
001 data
999 _c31
_d31